Statistiche per Costellazioni del cielo

Clicka qui per fare il quiz!

Statistiche generali

  • Questo quiz è stato fatto 174 volte
  • Il punteggio medio è 41 su 88

Statistiche sulle risposte

EmisferoTipoNome% Corretto
EquatorialeAnimaleLeone
97%
EquatorialeZodiacoPesci
97%
BorealeZodiacoAriete
93%
BorealeZodiacoCancro
93%
EquatorialeZodiacoVergine
93%
EquatorialeZodiacoToro
92%
EquatorialeZodiacaleAquario
91%
AustraleZodiacoBilancia
91%
AustraleZodiacoCapricorno
91%
BorealeZodiacoGemelli
91%
AustraleZodiacoSagittario
91%
AustraleZodiacoScorpione
91%
BorealeAnimaleOrsa Maggiore
89%
BorealeAnimaleOrsa Minore
89%
EquatorialeFigura MitologicaOrione
73%
BorealeFigura MitologicaAndromeda
71%
BorealeAnimale FantasticoDragone
70%
BorealeAnimaleCigno
66%
BorealeFigura GeometricaTriangolo
64%
BorealeStrumento musicaleLira
62%
EquatorialeAnimaleAquila
59%
BorealeFigura MitologicaCassiopea
59%
BorealeFigura MitologicaErcole
59%
AustraleAnimaleCane Maggiore
56%
AustraleOggettoCroce del Sud
55%
BorealeAnimale FantasticoPegaso
55%
EquatorialeAnimaleCane Minore
53%
EquatorialeAnimaleSerpente
53%
EquatorialeAnimale FantasticoUnicorno
53%
EquatorialeAnimale FantasticoIdra
52%
EquatorialeAnimaleBalena
50%
AustraleAnimaleLupo
50%
BorealeFigura MitologicaPerseo
47%
EquatorialePersonaggioOfiuco
45%
BorealeAnimaleDelfino
44%
AustraleAnimale FantasticoFenice
42%
BorealePersonaggioAuriga
41%
BorealePersonaggioBoote
41%
AustraleAnimale fantasticoCentauro
41%
BorealeAnimaleGiraffa
41%
AustraleOggettoTelescopio
38%
BorealeAnimaleCani da Caccia
37%
AustraleAnimaleLepre
37%
BorealeFigura MitologicaChioma di Berenice
36%
AustraleAnimaleCorvo
36%
BorealeFigura GeometricaFreccia
36%
AustraleOggettoMicroscopio
36%
BorealeFigura MitologicaCefeo
35%
EquatorialeFiume MitologicoEridano
34%
BorealeAnimaleLucertola
34%
AustraleAnimalePavone
34%
AustraleOggettoPoppa
34%
AustraleOggettoScudo
34%
AustraleOggettoVele
34%
AustraleOggettoMacchina Pneumatica
31%
AustraleAnimaleMosca
31%
BorealeAnimaleVolpetta
31%
AustraleOggettoBussola
30%
AustraleOggettoCarena
30%
BorealeAnimaleLince
30%
EquatorialeOggettoSestante
29%
AustraleFigura GeometricaTriangolo Australe
29%
AustraleAnimaleTucano
29%
AustraleAnimaleCamaleonte
28%
BorealeAnimaleCavallino
28%
AustraleUtensileCompasso
28%
BorealeOggettoCorona Boreale
28%
AustraleAnimale FantasticoIdra Maschio
28%
BorealeAnimaleLeone Minore
28%
AustraleOggettoOrologio
28%
AustraleAnimaleGru
27%
AustralePersonaggioIndiano
27%
AustraleOggettoOttante
27%
AustraleAnimaleUccello del Paradiso
27%
AustraleOggettoCorona Australe
25%
AustraleOggettoCratere
25%
AustraleEdificioFornace
25%
AustraleAnimalePesce Australe
25%
AustraleOggettoAltare
24%
AustraleAnimaleDorado
23%
AustraleAnimalePesce Volante
23%
AustralePersonaggioScultore
23%
AustraleUtensileBulino
22%
AustraleAnimaleColomba
22%
AustraleElemento NaturaleMensa
22%
AustralePersonaggioPittore
22%
AustraleUtensileReticolo
21%
AustraleOggettoRegolo
20%

Distribuzione punteggi

Percentile per numero di risposta

Percentuale di utenti per punteggio

I tuoi punteggi nel tempo

Non hai fatto questo quiz